Dante Alighieri feje
Elmentve itt :
| Szerző: | |
|---|---|
| Dokumentumtípus: | Cikk |
| Megjelent: |
1967
|
| Sorozat: | Tiszatáj
21 No. 8 |
| Kulcsszavak: | Dante Alighieri, Olasz irodalom - eposz - 14. sz. - portré |
| Online Access: | http://tiszataj.bibl.u-szeged.hu/4786 |
| LEADER | 00597nab a2200181 i 4500 | ||
|---|---|---|---|
| 001 | tisza4786 | ||
| 005 | 20200330124114.0 | ||
| 008 | 170622s1967 hu o 0|| hun d | ||
| 022 | |a 0133-1167 | ||
| 040 | |a SZTE Tiszatáj Archívum |b hun | ||
| 041 | |a hun | ||
| 100 | 1 | |a Tápai Antal | |
| 245 | 1 | 0 | |a Dante Alighieri feje |h [elektronikus dokumentum] / |c Tápai Antal |
| 260 | |c 1967 | ||
| 300 | |a 758-759 | ||
| 490 | 0 | |a Tiszatáj |v 21 No. 8 | |
| 695 | |a Dante Alighieri, Olasz irodalom - eposz - 14. sz. - portré | ||
| 856 | 4 | 0 | |u http://tiszataj.bibl.u-szeged.hu/4786/1/tiszataj_1967_008_758-759.pdf |z Dokumentum-elérés |